Zodpovednosť dodávateľsko-odberateľského reťazca na príklade kakaa diplomová práca

Gespeichert in:
Bibliographische Detailangaben
1. Verfasser: Paulínyová, Nikola
Körperschaft: Obchodná fakulta EU. Katedra medzinárodného obchodu
Weitere Verfasser: Škorvagová, Simona
Format: Buch
Sprache:Slowakisch
Veröffentlicht: Bratislava 2019
Tags: Tag hinzufügen
Keine Tags, Fügen Sie das erste Tag hinzu!

MARC

LEADER 00000nbm a2200000 4500
001 0253992
005 20191004135621.3
041 0 |a slo 
044 |a SK 
245 1 0 |a Zodpovednosť dodávateľsko-odberateľského reťazca na príklade kakaa  |b diplomová práca  |c Nikola Paulínyová ; školiteľ: Simona Škorvagová 
264 1 |a Bratislava  |c 2019 
300 |a 77 s. 
100 1 |a Paulínyová, Nikola 
700 1 |a Škorvagová, Simona 
710 2 |a Obchodná fakulta EU. Katedra medzinárodného obchodu